Statistics for Asian Countries Ending In 2 Vowels

Click here to take the quiz!

General Stats

  • This quiz has been taken 54 times
    (53 since last reset)
  • The average score is 11 of 13

Answer Stats

Answer% Correct
Indonesia
94%
India
92%
Mongolia
92%
North Korea
90%
South Korea
90%
Saudi Arabia
88%
Armenia
86%
Georgia
86%
Cambodia
84%
Malaysia
84%
Brunei
78%
Syria
69%
Russia
63%

Score Distribution

Percentile by Number Answered

Percent of People with Each Score

Your Score History

You have not taken this quiz since the last reset